banner-ar

SPECTRUM ESTIMATION AND SYSTEM IDENTIFICATION / (Record no. 24249)

MARC details
000 -الفاتح
حقل البيانات ثابتة الطول 00571nam a2200205Ia 4500
008 - عناصر البيانات ثابتة الطول - معلومات عامة
حقل البيانات ثابتة الطول 140319s9999 xx 000 0 eng d
040 ## - مصدر الفهرسة
وكالة الفهرسة الأصلية GCL /
وكالة النسخ GCL
082 04 - رقم تصنيف ديوى العشرى
رقم التصنيف 003.54
رقم المادة P S
100 1# - المدخل الرئيسى - إسم شخصى
الإسم الشخصى PILLAI,S. UNNIKRISHNA
245 10 - بيان العنوان
العنوان SPECTRUM ESTIMATION AND SYSTEM IDENTIFICATION /
بيان المسئوليه,etc PILLAI,S. UNNIKRISHNA
700 1# - المدخل الاضافى - اسم شخصى
الإسم الشخصى SHIM, THEODORE I.
260 ## - PUBLICATION, DISTRIBUTION, ETC. (IMPRINT)
تاريخ النشر أو التوزيع 1993
300 ## - الوصف المادى
التعداد 327 PP
650 04 - المدخل الاضافى بالموضوع-مصطلح موضوعى
مصطلح موضوعي SIGNAL PROCESSING
650 04 - المدخل الاضافى بالموضوع-مصطلح موضوعى
مصطلح موضوعي MATHEMATICS
650 04 - المدخل الاضافى بالموضوع-مصطلح موضوعى
مصطلح موضوعي SYSTEM IDENTIFICATION
650 04 - المدخل الاضافى بالموضوع-مصطلح موضوعى
مصطلح موضوعي POWER SPECTRG
942 ## - عناصر المدخل الإضافي( كوها)
مصدر التصنيف او مخطط الترفيف Dewey Decimal Classification
Koha [default] item type كتاب
260 ## - PUBLICATION, DISTRIBUTION, ETC. (IMPRINT)
-- [S.N] :
-- SPRINGER - VERLAG ،
Holdings
حالة التراجع حالة الفقد حالة تلف ليس للاعارة المكان المؤقت الموقع الحالى تاريخ الاكتساب اجمالي اﻻعارات رقم الطلب الباركود تاريخ اخر مشاهدة تاريخ تفعيل السعر نوع وعاء كوها
        مكتبة القاهرة الكبرى مكتبة القاهرة الكبرى 03/26/2014   003.54\P S 43092 03/26/2014 03/26/2014 كتاب

Powered By

EGPV